000 00688cam a22002411 4500
001 sa 66008129
003 DLC
005 20260227112310.0
008 790510s1964 ii k 00000 eng
010 _asa 66008129 //r863
043 _aa-ii---
050 0 _aJQ247
_b.S36 1964
082 _a354/.54
110 2 0 _aSecretariat Training School (India)
245 1 0 _aNotes on office procedure.
250 _a[2d ed.
260 1 _aNew Delhi]
_c1964.
300 _aix, 384 p.
_bforms.
_c25 cm.
500 _a"For official use only."
500 _aErrata slip inserted.
650 0 _aCivil service
_zIndia
_xHandbooks, manuals, etc.
610 1 0 _aIndia.
_bParliament
_xRules and practice.
999 _c71666
_d71666